<?xml version="1.0" encoding="UTF-8"?>
<record
    xmlns:xsi="http://www.w3.org/2001/XMLSchema-instance"
    xsi:schemaLocation="http://www.loc.gov/MARC21/slim http://www.loc.gov/standards/marcxml/schema/MARC21slim.xsd"
    xmlns="http://www.loc.gov/MARC21/slim">

  <leader>00942nam a2200265Ia 4500</leader>
  <controlfield tag="005">20240529142259.0</controlfield>
  <controlfield tag="008">210716s2006    xx            000 0 und d</controlfield>
  <datafield tag="020" ind1=" " ind2=" ">
    <subfield code="a">9788131505243</subfield>
  </datafield>
  <datafield tag="040" ind1=" " ind2=" ">
    <subfield code="c">AIMIT LIBRARY</subfield>
  </datafield>
  <datafield tag="041" ind1=" " ind2=" ">
    <subfield code="a">eng</subfield>
  </datafield>
  <datafield tag="082" ind1=" " ind2=" ">
    <subfield code="a">658.8342 </subfield>
    <subfield code="2">1</subfield>
    <subfield code="b">BLAR</subfield>
  </datafield>
  <datafield tag="100" ind1=" " ind2=" ">
    <subfield code="a">Blackwell, Roger D</subfield>
    <subfield code="9">127924</subfield>
  </datafield>
  <datafield tag="245" ind1=" " ind2=" ">
    <subfield code="a">Consumer behavior /</subfield>
    <subfield code="c">By Roger D Blackwell, Paul W Miniard and James F Engel</subfield>
  </datafield>
  <datafield tag="250" ind1=" " ind2=" ">
    <subfield code="a">1st ed.</subfield>
    <subfield code="b">India Edition</subfield>
  </datafield>
  <datafield tag="260" ind1=" " ind2=" ">
    <subfield code="a">New Delhi :</subfield>
    <subfield code="b">Cengage Learning India Pvt Ltd.,</subfield>
    <subfield code="c">2006.</subfield>
  </datafield>
  <datafield tag="300" ind1=" " ind2=" ">
    <subfield code="a">784p. ;</subfield>
    <subfield code="b">PB :</subfield>
    <subfield code="c">24 cm.</subfield>
  </datafield>
  <datafield tag="650" ind1=" " ind2=" ">
    <subfield code="a">Consumer Behavior</subfield>
    <subfield code="9">127925</subfield>
  </datafield>
  <datafield tag="650" ind1=" " ind2=" ">
    <subfield code="a">Consumer Decision Making</subfield>
    <subfield code="9">127926</subfield>
  </datafield>
  <datafield tag="650" ind1=" " ind2=" ">
    <subfield code="a">Individual Determinants of Consumer Behavior</subfield>
    <subfield code="9">127927</subfield>
  </datafield>
  <datafield tag="650" ind1=" " ind2=" ">
    <subfield code="a">Environmental Influences on Consumer Behavior</subfield>
    <subfield code="9">127928</subfield>
  </datafield>
  <datafield tag="650" ind1=" " ind2=" ">
    <subfield code="a">Influencing Consumer Behavior</subfield>
    <subfield code="9">127929</subfield>
  </datafield>
  <datafield tag="700" ind1=" " ind2=" ">
    <subfield code="a">Miniard, Paul W</subfield>
    <subfield code="9">127930</subfield>
  </datafield>
  <datafield tag="700" ind1=" " ind2=" ">
    <subfield code="a">Engel, James F</subfield>
    <subfield code="9">127931</subfield>
  </datafield>
  <datafield tag="942" ind1=" " ind2=" ">
    <subfield code="2">ddc</subfield>
    <subfield code="c">BK</subfield>
    <subfield code="e">1st</subfield>
    <subfield code="k">658.8342 BLAR</subfield>
  </datafield>
  <datafield tag="999" ind1=" " ind2=" ">
    <subfield code="c">202543</subfield>
    <subfield code="d">202543</subfield>
  </datafield>
  <datafield tag="952" ind1=" " ind2=" ">
    <subfield code="0">0</subfield>
    <subfield code="1">0</subfield>
    <subfield code="2">ddc</subfield>
    <subfield code="4">0</subfield>
    <subfield code="7">0</subfield>
    <subfield code="8">MBA</subfield>
    <subfield code="a">AIMIT</subfield>
    <subfield code="b">AIMIT</subfield>
    <subfield code="d">2008-09-25</subfield>
    <subfield code="g">429.00</subfield>
    <subfield code="i">Bill no:8812; Bill dt:2008-09-09</subfield>
    <subfield code="l">0</subfield>
    <subfield code="o">658.8342 BLAR</subfield>
    <subfield code="p">MBA05109</subfield>
    <subfield code="r">2025-07-21 00:00:00</subfield>
    <subfield code="v">321.75</subfield>
    <subfield code="w">2021-07-16</subfield>
    <subfield code="y">BK</subfield>
  </datafield>
  <datafield tag="952" ind1=" " ind2=" ">
    <subfield code="0">0</subfield>
    <subfield code="1">0</subfield>
    <subfield code="2">ddc</subfield>
    <subfield code="4">0</subfield>
    <subfield code="7">3</subfield>
    <subfield code="8">MBA</subfield>
    <subfield code="a">AIMIT</subfield>
    <subfield code="b">AIMIT</subfield>
    <subfield code="d">2009-09-16</subfield>
    <subfield code="g">429.00</subfield>
    <subfield code="i">Bill no:9844; Bill dt:2009-09-14</subfield>
    <subfield code="l">0</subfield>
    <subfield code="o">658.8342 BLAR</subfield>
    <subfield code="p">MBA06169</subfield>
    <subfield code="r">2025-07-21 00:00:00</subfield>
    <subfield code="v">321.75</subfield>
    <subfield code="w">2021-07-16</subfield>
    <subfield code="y">BK</subfield>
  </datafield>
  <datafield tag="952" ind1=" " ind2=" ">
    <subfield code="0">0</subfield>
    <subfield code="1">0</subfield>
    <subfield code="2">ddc</subfield>
    <subfield code="4">0</subfield>
    <subfield code="7">0</subfield>
    <subfield code="8">MBA</subfield>
    <subfield code="a">AIMIT</subfield>
    <subfield code="b">AIMIT</subfield>
    <subfield code="d">2009-09-16</subfield>
    <subfield code="g">429.00</subfield>
    <subfield code="i">Bill no:9844; Bill dt:2009-09-14</subfield>
    <subfield code="l">0</subfield>
    <subfield code="o">658.8342 BLAR</subfield>
    <subfield code="p">MBA06170</subfield>
    <subfield code="r">2025-07-21 00:00:00</subfield>
    <subfield code="v">321.75</subfield>
    <subfield code="w">2021-07-16</subfield>
    <subfield code="y">BK</subfield>
  </datafield>
  <datafield tag="952" ind1=" " ind2=" ">
    <subfield code="0">0</subfield>
    <subfield code="1">0</subfield>
    <subfield code="2">ddc</subfield>
    <subfield code="4">0</subfield>
    <subfield code="7">0</subfield>
    <subfield code="8">MBA</subfield>
    <subfield code="a">AIMIT</subfield>
    <subfield code="b">AIMIT</subfield>
    <subfield code="d">2009-09-16</subfield>
    <subfield code="g">429.00</subfield>
    <subfield code="i">Bill no:9844; Bill dt:2009-09-14</subfield>
    <subfield code="l">0</subfield>
    <subfield code="o">658.8342 BLAR</subfield>
    <subfield code="p">MBA06171</subfield>
    <subfield code="r">2025-07-21 00:00:00</subfield>
    <subfield code="v">321.75</subfield>
    <subfield code="w">2021-07-16</subfield>
    <subfield code="y">BK</subfield>
  </datafield>
  <datafield tag="952" ind1=" " ind2=" ">
    <subfield code="0">0</subfield>
    <subfield code="1">0</subfield>
    <subfield code="2">ddc</subfield>
    <subfield code="4">0</subfield>
    <subfield code="7">0</subfield>
    <subfield code="8">MBA</subfield>
    <subfield code="a">AIMIT</subfield>
    <subfield code="b">AIMIT</subfield>
    <subfield code="d">2009-09-16</subfield>
    <subfield code="g">429.00</subfield>
    <subfield code="i">Bill no:9844; Bill dt:2009-09-14</subfield>
    <subfield code="l">0</subfield>
    <subfield code="o">658.8342 BLAR</subfield>
    <subfield code="p">MBA06172</subfield>
    <subfield code="r">2025-07-21 00:00:00</subfield>
    <subfield code="v">321.75</subfield>
    <subfield code="w">2021-07-16</subfield>
    <subfield code="y">BK</subfield>
  </datafield>
  <datafield tag="952" ind1=" " ind2=" ">
    <subfield code="0">0</subfield>
    <subfield code="1">0</subfield>
    <subfield code="2">ddc</subfield>
    <subfield code="4">0</subfield>
    <subfield code="7">0</subfield>
    <subfield code="8">MBA</subfield>
    <subfield code="a">AIMIT</subfield>
    <subfield code="b">AIMIT</subfield>
    <subfield code="d">2009-09-16</subfield>
    <subfield code="g">429.00</subfield>
    <subfield code="i">Bill no:9844; Bill dt:2009-09-14</subfield>
    <subfield code="l">0</subfield>
    <subfield code="o">658.8342 BLAR</subfield>
    <subfield code="p">MBA06173</subfield>
    <subfield code="r">2025-07-21 00:00:00</subfield>
    <subfield code="v">321.75</subfield>
    <subfield code="w">2021-07-16</subfield>
    <subfield code="y">BK</subfield>
  </datafield>
  <datafield tag="952" ind1=" " ind2=" ">
    <subfield code="0">0</subfield>
    <subfield code="1">0</subfield>
    <subfield code="2">ddc</subfield>
    <subfield code="4">0</subfield>
    <subfield code="7">0</subfield>
    <subfield code="8">MBA</subfield>
    <subfield code="a">AIMIT</subfield>
    <subfield code="b">AIMIT</subfield>
    <subfield code="d">2009-09-16</subfield>
    <subfield code="g">429.00</subfield>
    <subfield code="i">Bill no:9844; Bill dt:2009-09-14</subfield>
    <subfield code="l">0</subfield>
    <subfield code="o">658.8342 BLAR</subfield>
    <subfield code="p">MBA06174</subfield>
    <subfield code="r">2025-07-21 00:00:00</subfield>
    <subfield code="v">321.75</subfield>
    <subfield code="w">2021-07-16</subfield>
    <subfield code="y">BK</subfield>
  </datafield>
  <datafield tag="952" ind1=" " ind2=" ">
    <subfield code="0">0</subfield>
    <subfield code="1">0</subfield>
    <subfield code="2">ddc</subfield>
    <subfield code="4">0</subfield>
    <subfield code="7">0</subfield>
    <subfield code="8">MBA</subfield>
    <subfield code="a">AIMIT</subfield>
    <subfield code="b">AIMIT</subfield>
    <subfield code="d">2009-09-16</subfield>
    <subfield code="g">429.00</subfield>
    <subfield code="i">Bill no:9844; Bill dt:2009-09-14</subfield>
    <subfield code="l">0</subfield>
    <subfield code="o">658.8342 BLAR</subfield>
    <subfield code="p">MBA06175</subfield>
    <subfield code="r">2025-07-21 00:00:00</subfield>
    <subfield code="v">321.75</subfield>
    <subfield code="w">2021-07-16</subfield>
    <subfield code="y">BK</subfield>
  </datafield>
  <datafield tag="952" ind1=" " ind2=" ">
    <subfield code="0">0</subfield>
    <subfield code="1">0</subfield>
    <subfield code="2">ddc</subfield>
    <subfield code="4">0</subfield>
    <subfield code="7">0</subfield>
    <subfield code="8">MBA</subfield>
    <subfield code="a">AIMIT</subfield>
    <subfield code="b">AIMIT</subfield>
    <subfield code="d">2009-09-16</subfield>
    <subfield code="g">429.00</subfield>
    <subfield code="i">Bill no:9844; Bill dt:2009-09-14</subfield>
    <subfield code="l">0</subfield>
    <subfield code="o">658.8342 BLAR</subfield>
    <subfield code="p">MBA06176</subfield>
    <subfield code="r">2025-07-21 00:00:00</subfield>
    <subfield code="v">321.75</subfield>
    <subfield code="w">2021-07-16</subfield>
    <subfield code="y">BK</subfield>
  </datafield>
  <datafield tag="952" ind1=" " ind2=" ">
    <subfield code="0">0</subfield>
    <subfield code="1">0</subfield>
    <subfield code="2">ddc</subfield>
    <subfield code="4">0</subfield>
    <subfield code="7">0</subfield>
    <subfield code="8">MBA</subfield>
    <subfield code="a">AIMIT</subfield>
    <subfield code="b">AIMIT</subfield>
    <subfield code="d">2009-09-16</subfield>
    <subfield code="g">429.00</subfield>
    <subfield code="i">Bill no:9844; Bill dt:2009-09-14</subfield>
    <subfield code="l">0</subfield>
    <subfield code="o">658.8342 BLAR</subfield>
    <subfield code="p">MBA06177</subfield>
    <subfield code="r">2025-07-21 00:00:00</subfield>
    <subfield code="v">321.75</subfield>
    <subfield code="w">2021-07-16</subfield>
    <subfield code="y">BK</subfield>
  </datafield>
  <datafield tag="952" ind1=" " ind2=" ">
    <subfield code="0">0</subfield>
    <subfield code="1">0</subfield>
    <subfield code="2">ddc</subfield>
    <subfield code="4">0</subfield>
    <subfield code="7">0</subfield>
    <subfield code="8">MBA</subfield>
    <subfield code="a">AIMIT</subfield>
    <subfield code="b">AIMIT</subfield>
    <subfield code="d">2009-09-16</subfield>
    <subfield code="g">429.00</subfield>
    <subfield code="i">Bill no:9844; Bill dt:2009-09-14</subfield>
    <subfield code="l">0</subfield>
    <subfield code="o">658.8342 BLAR</subfield>
    <subfield code="p">MBA06178</subfield>
    <subfield code="r">2025-07-21 00:00:00</subfield>
    <subfield code="v">321.75</subfield>
    <subfield code="w">2021-07-16</subfield>
    <subfield code="y">BK</subfield>
  </datafield>
  <datafield tag="952" ind1=" " ind2=" ">
    <subfield code="0">0</subfield>
    <subfield code="1">0</subfield>
    <subfield code="2">ddc</subfield>
    <subfield code="4">0</subfield>
    <subfield code="7">0</subfield>
    <subfield code="8">MBA</subfield>
    <subfield code="a">AIMIT</subfield>
    <subfield code="b">AIMIT</subfield>
    <subfield code="d">2009-09-16</subfield>
    <subfield code="g">429.00</subfield>
    <subfield code="i">Bill no:9844; Bill dt:2009-09-14</subfield>
    <subfield code="l">0</subfield>
    <subfield code="o">658.8342 BLAR</subfield>
    <subfield code="p">MBA06179</subfield>
    <subfield code="r">2025-07-21 00:00:00</subfield>
    <subfield code="v">321.75</subfield>
    <subfield code="w">2021-07-16</subfield>
    <subfield code="y">BK</subfield>
  </datafield>
  <datafield tag="952" ind1=" " ind2=" ">
    <subfield code="0">0</subfield>
    <subfield code="1">0</subfield>
    <subfield code="2">ddc</subfield>
    <subfield code="4">0</subfield>
    <subfield code="7">0</subfield>
    <subfield code="8">MBA</subfield>
    <subfield code="a">AIMIT</subfield>
    <subfield code="b">AIMIT</subfield>
    <subfield code="d">2009-09-16</subfield>
    <subfield code="g">429.00</subfield>
    <subfield code="i">Bill no:9844; Bill dt:2009-09-14</subfield>
    <subfield code="l">2</subfield>
    <subfield code="o">658.8342 BLAR</subfield>
    <subfield code="p">MBA06180</subfield>
    <subfield code="r">2025-07-21 00:00:00</subfield>
    <subfield code="s">2024-03-20</subfield>
    <subfield code="v">321.75</subfield>
    <subfield code="w">2021-07-16</subfield>
    <subfield code="y">BK</subfield>
  </datafield>
  <datafield tag="952" ind1=" " ind2=" ">
    <subfield code="0">0</subfield>
    <subfield code="1">0</subfield>
    <subfield code="2">ddc</subfield>
    <subfield code="4">0</subfield>
    <subfield code="7">0</subfield>
    <subfield code="8">MBA</subfield>
    <subfield code="a">AIMIT</subfield>
    <subfield code="b">AIMIT</subfield>
    <subfield code="d">2009-09-16</subfield>
    <subfield code="g">429.00</subfield>
    <subfield code="i">Bill no:9844; Bill dt:2009-09-14</subfield>
    <subfield code="l">0</subfield>
    <subfield code="o">658.8342 BLAR</subfield>
    <subfield code="p">MBA06181</subfield>
    <subfield code="r">2025-07-21 00:00:00</subfield>
    <subfield code="v">321.75</subfield>
    <subfield code="w">2021-07-16</subfield>
    <subfield code="y">BK</subfield>
  </datafield>
  <datafield tag="952" ind1=" " ind2=" ">
    <subfield code="0">0</subfield>
    <subfield code="1">0</subfield>
    <subfield code="2">ddc</subfield>
    <subfield code="4">0</subfield>
    <subfield code="7">0</subfield>
    <subfield code="8">MBA</subfield>
    <subfield code="a">AIMIT</subfield>
    <subfield code="b">AIMIT</subfield>
    <subfield code="d">2009-09-16</subfield>
    <subfield code="g">429.00</subfield>
    <subfield code="i">Bill no:9844; Bill dt:2009-09-14</subfield>
    <subfield code="l">0</subfield>
    <subfield code="o">658.8342 BLAR</subfield>
    <subfield code="p">MBA06182</subfield>
    <subfield code="r">2025-07-21 00:00:00</subfield>
    <subfield code="v">321.75</subfield>
    <subfield code="w">2021-07-16</subfield>
    <subfield code="y">BK</subfield>
  </datafield>
  <datafield tag="952" ind1=" " ind2=" ">
    <subfield code="0">0</subfield>
    <subfield code="1">0</subfield>
    <subfield code="2">ddc</subfield>
    <subfield code="4">0</subfield>
    <subfield code="7">0</subfield>
    <subfield code="8">MBA</subfield>
    <subfield code="a">AIMIT</subfield>
    <subfield code="b">AIMIT</subfield>
    <subfield code="d">2009-09-16</subfield>
    <subfield code="g">429.00</subfield>
    <subfield code="i">Bill no:9844; Bill dt:2009-09-14</subfield>
    <subfield code="l">0</subfield>
    <subfield code="o">658.8342 BLAR</subfield>
    <subfield code="p">MBA06183</subfield>
    <subfield code="r">2025-07-21 00:00:00</subfield>
    <subfield code="v">321.75</subfield>
    <subfield code="w">2021-07-16</subfield>
    <subfield code="y">BK</subfield>
  </datafield>
  <datafield tag="952" ind1=" " ind2=" ">
    <subfield code="0">0</subfield>
    <subfield code="1">0</subfield>
    <subfield code="2">ddc</subfield>
    <subfield code="4">0</subfield>
    <subfield code="7">0</subfield>
    <subfield code="8">MBA</subfield>
    <subfield code="a">AIMIT</subfield>
    <subfield code="b">AIMIT</subfield>
    <subfield code="d">2009-09-16</subfield>
    <subfield code="g">429.00</subfield>
    <subfield code="i">Bill no:9844; Bill dt:2009-09-14</subfield>
    <subfield code="l">0</subfield>
    <subfield code="o">658.8342 BLAR</subfield>
    <subfield code="p">MBA06184</subfield>
    <subfield code="r">2025-07-21 00:00:00</subfield>
    <subfield code="v">321.75</subfield>
    <subfield code="w">2021-07-16</subfield>
    <subfield code="y">BK</subfield>
  </datafield>
  <datafield tag="952" ind1=" " ind2=" ">
    <subfield code="0">0</subfield>
    <subfield code="1">0</subfield>
    <subfield code="2">ddc</subfield>
    <subfield code="4">0</subfield>
    <subfield code="7">0</subfield>
    <subfield code="8">MBA</subfield>
    <subfield code="a">AIMIT</subfield>
    <subfield code="b">AIMIT</subfield>
    <subfield code="d">2009-09-16</subfield>
    <subfield code="g">429.00</subfield>
    <subfield code="i">Bill no:9844; Bill dt:2009-09-14</subfield>
    <subfield code="l">0</subfield>
    <subfield code="o">658.8342 BLAR</subfield>
    <subfield code="p">MBA06185</subfield>
    <subfield code="r">2025-07-21 00:00:00</subfield>
    <subfield code="v">321.75</subfield>
    <subfield code="w">2021-07-16</subfield>
    <subfield code="y">BK</subfield>
  </datafield>
  <datafield tag="952" ind1=" " ind2=" ">
    <subfield code="0">0</subfield>
    <subfield code="1">0</subfield>
    <subfield code="2">ddc</subfield>
    <subfield code="4">0</subfield>
    <subfield code="7">0</subfield>
    <subfield code="8">MBA</subfield>
    <subfield code="a">AIMIT</subfield>
    <subfield code="b">AIMIT</subfield>
    <subfield code="d">2009-09-16</subfield>
    <subfield code="g">429.00</subfield>
    <subfield code="i">Bill no:9844; Bill dt:2009-09-14</subfield>
    <subfield code="l">0</subfield>
    <subfield code="o">658.8342 BLAR</subfield>
    <subfield code="p">MBA06186</subfield>
    <subfield code="r">2025-07-21 00:00:00</subfield>
    <subfield code="v">321.75</subfield>
    <subfield code="w">2021-07-16</subfield>
    <subfield code="y">BK</subfield>
  </datafield>
</record>
